[Event "Linares NL m"]
[Site "Linares"]
[Date "1992.??.??"]
[Round "?"]
[White "Sisniega, Marcel"]
[Black "Rodriguez, Amador"]
[Result "1/2-1/2"]
[WhiteElo "2525"]
[BlackElo "2495"]

1.e4 c5 2.Nf3 d6 3.d4 cxd4 4.Nxd4 Nf6 5.Nc3 a6 6.g3 e5 7.Nde2 Be7 8.a4 b6
9.Bg2 Bb7 10.h3 Nbd7 11.g4 Nc5 12.Ng3 g6 13.O-O h5 14.b4 Ne6 15.Nd5 hxg4
16.hxg4 Nxd5 17.exd5 Nf4 18.Bxf4 exf4 19.Qd4 Bf6 20.Rae1+ Kf8 21.Qxf4 Kg7
22.c4 Rh4 23.Bf3 Rc8 24.Kg2 Qc7 25.Rh1 Qxc4 26.Qxd6 Rd8 27.Qxb6 Bxd5 28.Rxh4 Bxf3+
29.Kxf3 Bxh4 30.Ne4 Rd3+ 31.Re3 f5 32.gxf5 gxf5 33.Qb7+ Kh6 34.Kf4 fxe4 35.Rxe4 Qc1+
36.Re3 Bg5+ 37.Kf5 Rxe3 38.Qxa6+ Kg7 39.fxe3 Bxe3 40.Qb7+ Kf8 41.Qd5 Qf1+
42.Kg6 Qg1+ 43.Kf5 Qf2+  1/2-1/2

[Event "Madrid"]
[Site "Madrid"]
[Date "1992.??.??"]
[Round "5"]
[White "Magem Badals, Jorge"]
[Black "San Segundo, Pablo"]
[Result "1/2-1/2"]
[WhiteElo "2515"]
[BlackElo "2415"]

1.e4 c5 2.Nf3 d6 3.d4 cxd4 4.Nxd4 Nf6 5.Nc3 a6 6.g3 Bg4 7.f3 Bd7 8.Be3 Nc6
9.Qd2 Rc8 10.O-O-O Nxd4 11.Bxd4 Qa5 12.g4 e5 13.Be3 Be6 14.a3 h6 15.Kb1 Rxc3
16.Qxc3 Qxc3 17.bxc3 d5 18.exd5 Nxd5 19.Bd2 Bxa3 20.Re1 O-O 21.Rxe5 Rc8 22.c4 Nb6
23.Bc1 Bf8 24.Re4 Nxc4 25.Bxc4 Bxc4 26.Rhe1 Bb5 27.f4 Rd8 28.Be3 Rc8 29.f5 f6
30.Rd4 Kf7 31.Bf4 Bc5 32.Rd5 Bb4 33.Bd2 Be7 34.Rd4 Bc5 35.Rd5 Ba4 36.Re4 Bb5
37.Bb4 Bxb4 38.Rxb4 Re8 39.Rbd4 Re2 40.Rd2 Re4 41.R5d4 Re5 42.Rd8 h5 43.gxh5 Rxf5
44.Rh8 Bc6 45.h6 gxh6 46.Rxh6  1/2-1/2

[Event "Manila ol (Women)"]
[Site "Manila"]
[Date "1992.??.??"]
[Round "?"]
[White "Cosma, Elena Luminita"]
[Black "Tsiganova, Monika"]
[Result "1/2-1/2"]
[WhiteElo "2250"]
[BlackElo "2245"]

1.e4 c5 2.Nf3 d6 3.d4 cxd4 4.Nxd4 Nf6 5.Nc3 a6 6.g3 e5 7.Nde2 Be7 8.a4 Nbd7
9.Bg2 Qc7 10.h3 b6 11.g4 h6 12.Ng3 g6 13.Be3 Bb7 14.Qd2 h5 15.g5 Nh7 16.Nd5 Bxd5
17.exd5 Nc5 18.b4 Nb7 19.Be4 h4 20.Ne2 a5 21.c3 O-O 22.Bd3 Nd8 23.Rg1 axb4
24.cxb4 Qd7 25.Bb5 Qxh3 26.Bxb6 Qf5 27.Be3 h3 28.Ng3 Qg4 29.Be2 Qh4 30.Nh1 Qe4
31.Ng3 Qh4 32.Nh1 Qe4 33.Ng3 Qh4  1/2-1/2

[Event "Manila ol (Men)"]
[Site "Manila"]
[Date "1992.??.??"]
[Round "?"]
[White "Cochrane, John Miles"]
[Black "Yang Xian"]
[Result "0-1"]
[WhiteElo "2205"]
[BlackElo "2385"]

1.e4 c5 2.Nf3 d6 3.d4 cxd4 4.Nxd4 Nf6 5.Nc3 a6 6.g3 e5 7.Nde2 Be7 8.Bg2 Be6
9.O-O O-O 10.a4 Nbd7 11.Kh1 Qc7 12.h3 Rac8 13.Be3 Bc4 14.Rc1 b5 15.axb5 axb5
16.b3 b4 17.Na4 Bb5 18.Nb2 Qb7 19.f3 d5 20.exd5 Nxd5 21.f4 e4 22.Bxe4 N7f6
23.c4 Nxe4 24.cxd5 Bxe2 25.Rxc8 Qxc8  0-1

[Event "Melitopol Cup (Women)"]
[Site "Melitopol"]
[Date "1992.??.??"]
[Round "1"]
[White "Aseeva, Marina"]
[Black "Nepeina Leconte, Maria"]
[Result "1/2-1/2"]
[WhiteElo "2090"]
[BlackElo "2245"]

1.e4 c5 2.Nf3 d6 3.d4 cxd4 4.Nxd4 Nf6 5.Nc3 a6 6.g3 e5 7.Nde2 Be6 8.Bg2 Be7
9.O-O O-O 10.h3 Nbd7 11.a4 Qc7 12.a5 Rac8 13.Be3 Rfe8 14.g4 Nf8 15.Ng3 Ng6
16.g5 Nd7 17.Nf5 Bf8 18.Qd2 d5 19.Nxd5 Qxc2 20.b4 Qxd2 21.Bxd2 Rc2 22.Rfd1 Rec8
23.Rab1 Ra2 24.Be3 Rcc2 25.Rbc1 Nb8 26.Rxc2 Rxc2 27.Rb1 Bd7 28.h4 Bxf5 29.exf5 Nxh4
30.Be4 Rc4 31.f3 g6 32.f6 h6 33.gxh6 Kh7 34.b5 Bxh6 35.bxa6 Nxa6 36.Bf2 Nf5
37.Rxb7 Nd6 38.Rb6 Nxe4 39.fxe4 Nc5 40.a6 Nxe4 41.a7 Ra4 42.Rb7 Ra1+ 43.Kg2 Ra2
44.Rb2 Rxb2 45.a8=Q Rxf2+ 46.Kg1 Rf5 47.Qe8 Nxf6 48.Qxf7+ Bg7 49.Nxf6+ Rxf6
50.Qd7 Rf5 51.Qe7 Rf4 52.Kg2 Kh6 53.Kg3 Bf6 54.Qe6 Kg5 55.Qc8 Rd4 56.Qc1+ Kh5
57.Qc6 Rd3+ 58.Kf2 Bg5 59.Qe6 Bf4 60.Qe7 Rd2+ 61.Kf3 Rd3+ 62.Kf2 Re3 63.Qh7+ Bh6
64.Qe7 Re4 65.Qe6 Bg5 66.Qe8 Rf4+ 67.Ke2 e4 68.Qh8+ Kg4 69.Qe8 Kh5 70.Qh8+  1/2-1/2

[Event "Moscow3"]
[Site "Moscow"]
[Date "1992.??.??"]
[Round "?"]
[White "Gutop, Yuri V"]
[Black "Muhutdinov, Marat"]
[Result "1/2-1/2"]
[WhiteElo "2430"]
[BlackElo "2440"]

1.e4 c5 2.Nf3 d6 3.d4 cxd4 4.Nxd4 Nf6 5.Nc3 a6 6.g3 e5 7.Nde2 Be7 8.Bg2 b5
9.O-O Bb7 10.h3 Nbd7 11.g4 b4 12.Nd5 Nxd5 13.exd5 Bg5 14.Ng3 Bxc1 15.Rxc1 Nc5
16.Re1 O-O 17.Ne4 Rc8 18.Qd2 Qb6 19.c3 Nxe4 20.Rxe4 bxc3 21.bxc3 a5 22.c4 Ba6
23.Bf1 Rc5 24.Bd3 Qc7 25.f4 f6 26.Kh2 Rb8 27.g5 f5 28.Re3 e4 29.Be2 Bxc4
30.Rec3 Bxe2 31.Rxc5 dxc5 32.d6 Qc6 33.Qxe2 Qxd6 34.Qc4+ Kh8 35.Kg3 h6 36.Qxc5 Qd3+
37.Kh4 hxg5+ 38.fxg5 f4 39.Qf5 Qg3+ 40.Kh5 Qf3+ 41.Kh4 Qf2+ 42.Kh5 Qxa2 43.Qxf4 Qe2+
44.Kh4 Qb2 45.Rc4 Re8 46.Qf7 Qe5 47.Rc7 e3 48.Qh5+ Kg8 49.Qf7+  1/2-1/2

[Event "Moscow-ch"]
[Site "Moscow"]
[Date "1992.??.??"]
[Round "?"]
[White "Muratov, Vladimir A"]
[Black "Dragomarezkij, Evgeni"]
[Result "1-0"]
[WhiteElo "2410"]
[BlackElo "2435"]

1.e4 c5 2.Nf3 d6 3.d4 cxd4 4.Nxd4 Nf6 5.Nc3 a6 6.g3 e5 7.Nb3 Be7 8.Bg2 Nbd7
9.O-O b5 10.Nd5 Nxd5 11.exd5 O-O 12.Bd2 Nb6 13.Na5 Bf5 14.Nc6 Qd7 15.b3 Bf6
16.Bc3 Bh3 17.Bxh3 Qxh3 18.a4 Nd7 19.Bb4 e4 20.Bxd6 Bxa1 21.Bxf8 Rxf8 22.Qxa1 Nf6
23.Ne5 Nxd5 24.Qd4 Nf6 25.axb5 axb5 26.Ra1 Qf5 27.Ra5 Re8 28.Nc4 Qh5 29.Nd6 Rb8
30.Nxe4 Nxe4 31.Qxe4 Qd1+ 32.Kg2 Qd7 33.Ra8 Qc8 34.Rxb8 Qxb8 35.c4 bxc4 36.bxc4 Qc8
37.Qd5 Kf8 38.c5 Qc7 39.Qa8+ Ke7 40.Qe4+ Kf6 41.Qh4+ Kg6 42.Qd4 Qc6+ 43.f3 Qe6
44.Qd3+ Kf6 45.g4 g6 46.Kf2 Qe5 47.Qd8+ Kg7 48.Qb6 Qxh2+ 49.Ke3 Qe5+ 50.Kd3 Qd5+
51.Ke2 Qc4+ 52.Ke3 Qc3+ 53.Ke4 Qc4+ 54.Ke5 Qe2+ 55.Kd6 Qe6+ 56.Kc7 h5 57.Qxe6 fxe6
58.c6 h4 59.Kd6 h3 60.c7 h2 61.c8=Q h1=Q 62.Qc3+ Kh7 63.Kxe6 Qh2 64.Qe5 Qc2
65.Kf6 Qc6+ 66.Kg5 Qxf3 67.Qe7+ Kg8 68.Qe8+ Kh7 69.Qxg6+ Kh8 70.Qf6+ Qxf6+
71.Kxf6 Kh7 72.g5 Kg8 73.Kg6 Kh8 74.Kf7  1-0

[Event "CZE-ch U18"]
[Site "Neratovice"]
[Date "1992.??.??"]
[Round "6"]
[White "Konicek, Petr"]
[Black "Cernohorsky, Ladislav"]
[Result "0-1"]
[WhiteElo "1940"]
[BlackElo "1910"]

1.e4 c5 2.Nf3 d6 3.d4 cxd4 4.Nxd4 Nf6 5.Nc3 a6 6.g3 b5 7.Bg2 Bb7 8.O-O e6
9.Re1 Qc7 10.Qd3 Nbd7 11.Ndxb5 axb5 12.Nxb5 Qb8 13.c4 Be7 14.Bd2 O-O 15.b4 Rc8
16.f4 e5 17.Be3 Ng4 18.Bh3 Ndf6 19.Bb6 Bxe4 20.Rxe4 Qxb6+ 21.c5 dxc5 22.Bxg4 cxb4+  0-1

[Event "Novi Sad"]
[Site "Novi Sad"]
[Date "1992.??.??"]
[Round "2"]
[White "Popovic, Petar"]
[Black "Nevostrujev, Vladimir"]
[Result "0-1"]
[WhiteElo "2550"]
[BlackElo "2385"]

1.e4 c5 2.Nf3 d6 3.d4 cxd4 4.Nxd4 Nf6 5.Nc3 a6 6.g3 e5 7.Nb3 Nc6 8.Be3 Be6
9.Bg2 Na5 10.Nxa5 Qxa5 11.O-O Rc8 12.h3 Be7 13.Qd2 Qb4 14.Rab1 O-O 15.f4 exf4
16.gxf4 Rfe8 17.Rfd1 Bf8 18.Bd4 Be7 19.Qf2 Qa5 20.Rd3 Qh5 21.Rg3 Kh8 22.f5 Bd7
23.Bf3 Qh4 24.Qg2 d5 25.Rxg7 Bxf5 26.Qg5 Qxg5+ 27.Rxg5 Bg6 28.Nxd5 Bc5 29.Bxc5 Rxc5
30.Rxg6 Nxe4 31.Rg2 Rxd5 32.Re1 Rde5 33.Rd1 Ng5 34.Bxb7 Nxh3+ 35.Kh2 Nf4
36.Rf2 Rh5+ 37.Kg3 Ne2+ 38.Kg4 Rhe5 39.Rxf7 Rg8+ 40.Kf3 Ng1+ 41.Kf4 Re2 42.Be4 Rf2+  0-1

[Event "Novy Smokovec"]
[Site "Novy Smokovec"]
[Date "1992.??.??"]
[Round "?"]
[White "Priehoda, Vitezslav"]
[Black "Malisauskas, Vidmantas"]
[Result "0-1"]
[WhiteElo "2420"]
[BlackElo "2530"]

1.e4 c5 2.Nf3 d6 3.d4 cxd4 4.Nxd4 Nf6 5.Nc3 a6 6.g3 Bd7 7.Bg2 Nc6 8.O-O e6
9.Nce2 Rc8 10.h3 Be7 11.b3 Nxd4 12.Nxd4 b5 13.Bb2 Qb6 14.Kh2 O-O 15.f4 d5
16.e5 Ne4 17.Qd3 Rc7 18.Bxe4 dxe4 19.Qxe4 Rd8 20.Rad1 Bc8 21.Rd2 Bb7 22.Qe2 Rcd7
23.Rfd1 Bc5 24.c3 b4 25.Qe3 bxc3 26.Bxc3 Bxd4 27.Rxd4 Qc6  0-1

[Event "BCF-ch"]
[Site "Plymouth"]
[Date "1992.??.??"]
[Round "4"]
[White "Willmoth, Robert"]
[Black "Britton, Richard"]
[Result "1-0"]
[WhiteElo "2215"]
[BlackElo "2275"]

1.e4 c5 2.Nf3 d6 3.d4 cxd4 4.Nxd4 Nf6 5.Nc3 a6 6.g3 e5 7.Nde2 Be7 8.Bg2 Nbd7
9.O-O b5 10.Nd5 Nxd5 11.Qxd5 Qc7 12.Be3 Bb7 13.Qd3 Rc8 14.Rac1 O-O 15.Rfd1 Nc5
16.Bxc5 Qxc5 17.c3 g6 18.Rc2 Qb6 19.Nc1 Rc4 20.Nb3 Ra4 21.a3 f5 22.exf5 Bxg2
23.Kxg2 gxf5 24.Qd5+ Kg7 25.Nd2 Rg4 26.Nf3 Rg6 27.Re2 Qc7 28.Rdd2 Kh8 29.Rc2 f4
30.c4 Rgf6 31.cxb5 Qd7 32.Rc3 fxg3 33.fxg3 Rh6 34.b6 Qh3+ 35.Kg1 Bd8 36.Rb3 Rhf6
37.Rf2 e4 38.Qxe4 Re6 39.Ng5 Bxg5 40.Rxf8+ Kg7 41.Qg2 Qh5 42.Qf3  1-0

[Event "Polanica Zdroj op"]
[Site "Polanica Zdroj"]
[Date "1992.??.??"]
[Round "4"]
[White "Gizynski, Tomasz"]
[Black "Jaworski, Miroslaw"]
[Result "1/2-1/2"]
[WhiteElo "2310"]
[BlackElo "2320"]

1.e4 c5 2.Nf3 d6 3.d4 cxd4 4.Nxd4 Nf6 5.Nc3 a6 6.g3 e5 7.Nde2 Nbd7 8.a4 b6
9.Bg2 Bb7 10.O-O Be7 11.Bg5 O-O 12.Re1 b5 13.axb5 axb5 14.Rxa8 Qxa8 15.Nxb5 Bxe4
16.Bxe4 Qxe4 17.Nxd6 Bxd6 18.Qxd6 Qxc2 19.Bxf6 Nxf6 20.b4  1/2-1/2

[Event "Policka"]
[Site "Policka"]
[Date "1992.??.??"]
[Round "?"]
[White "Slekys, Emilis"]
[Black "Stodola, Jaroslav"]
[Result "1-0"]
[WhiteElo "2340"]
[BlackElo "2230"]

1.e4 c5 2.Nf3 d6 3.d4 cxd4 4.Nxd4 Nf6 5.Nc3 a6 6.g3 e5 7.Nde2 b5 8.Bg2 Bb7
9.Bg5 Nbd7 10.Nd5 Be7 11.Nxe7 Qxe7 12.Nc3 Nb6 13.O-O Rc8 14.f4 Nc4 15.fxe5 dxe5
16.Bxf6 gxf6 17.Qg4 Nxb2 18.Nd5 Qc5+ 19.Kh1 Bxd5 20.exd5 Ke7 21.Rae1 Qd6
22.Qh4 Nc4 23.Rf5 Rc5 24.Ref1 Ke8 25.Rxf6 Qe7 26.Qh5 Rf8 27.Re6  1-0

[Event "ROM-ch (Women)"]
[Site "?"]
[Date "1992.??.??"]
[Round "3"]
[White "Sasu Ducsoara, Andrea"]
[Black "Chiricuta Kantor, Iudita"]
[Result "1/2-1/2"]
[WhiteElo "2070"]
[BlackElo "2155"]

1.e4 c5 2.Nf3 d6 3.d4 cxd4 4.Nxd4 Nf6 5.Nc3 a6 6.g3 e6 7.Bg2 Be7 8.O-O Bd7
9.Be3 Nc6 10.Qe2 O-O 11.Rad1 Qc7 12.f4 Rac8 13.Kh1 b5 14.Nxc6 Bxc6 15.a3 Qb7
16.Bc1 Rfe8 17.h3 Bf8 18.Rf2 a5 19.e5 dxe5 20.fxe5 Nd7 21.Kh2 b4 22.Bxc6 Qxc6
23.axb4 axb4 24.Nb5 Bc5 25.Nd4 Qc7  1/2-1/2

[Event "Candidats (Women) Tournament"]
[Site "Shanghai"]
[Date "1992.??.??"]
[Round "6"]
[White "Qin Kanying"]
[Black "Wang Pin"]
[Result "1-0"]
[WhiteElo "2315"]
[BlackElo "2345"]

1.e4 c5 2.Nf3 d6 3.d4 cxd4 4.Nxd4 Nf6 5.Nc3 a6 6.g3 e6 7.Bg2 Bd7 8.O-O Nc6
9.Nxc6 Bxc6 10.a4 Be7 11.Be3 O-O 12.a5 Nd7 13.Qe2 Qc7 14.Rfb1 Bf6 15.Na4 Rac8
16.c3 Bb5 17.Qd1 Nc5 18.Nb6 Rcd8 19.c4 Bc6 20.Qc2 Nd7 21.Rd1 Qb8 22.Rab1 Nxb6
23.Bxb6 Rc8 24.Qd3 Be7 25.b4 f5 26.Re1 fxe4 27.Bxe4 Bxe4 28.Rxe4 e5 29.Rbe1 Kh8
30.Qd5 Bd8 31.Be3 b6 32.axb6 Bxb6 33.c5 dxc5 34.bxc5 Bc7 35.Rh4 Rf6 36.Qe4 h6
37.Rb1 Qa8 38.Rb7 Bb8 39.Bxh6 Rc7 40.Bxg7+  1-0

[Event "BUL-ch sf"]
[Site "Sofia"]
[Date "1992.??.??"]
[Round "3"]
[White "Angelov, Angel"]
[Black "Stefanov, Krasimir"]
[Result "0-1"]
[WhiteElo "2290"]
[BlackElo "2405"]

1.e4 c5 2.Nf3 d6 3.d4 cxd4 4.Nxd4 Nf6 5.Nc3 a6 6.g3 Nc6 7.Bg2 Bg4 8.Nxc6 bxc6
9.Qd3 Qc7 10.h3 Bd7 11.O-O e6 12.b3 d5 13.Bb2 Bc5 14.Rad1 O-O 15.Kh1 Bc8
16.Na4 Be7 17.Qc3 Qb7 18.a3 Rd8 19.Rfe1 Bf8 20.Qe3 Bd7 21.e5 Ne8 22.Rd3 Nc7
23.c4 Be8 24.Red1 a5 25.Qc1 Rab8 26.Bd4 Qa6 27.Bc5 Bxc5 28.Nxc5 Qa7 29.Ne4 Na6
30.Qg5 h6 31.Qf4 Qe7 32.Nf6+ Kh8 33.Nxe8 Rxe8 34.cxd5 cxd5 35.Qd4 Rec8 36.Bf1 Qxa3
37.Rf3 Nc5 38.Rxf7 Rb7 39.Ra1 Qb4 40.Qxb4 axb4 41.Rxb7 Nxb7 42.Ra6 Nc5 43.Rb6 Nxb3
44.Rxb4 Nc5 45.Kg2 Kg8 46.Rb6 Kf7 47.Be2 Rc7 48.f4 Ne4 49.Rb2 Rc3 50.Bf3 Nc5
51.Ra2 Kg6 52.Bd1 d4 53.Bf3 d3 54.Bd1 Kf5  0-1

[Event "SWZ-chI op"]
[Site "?"]
[Date "1992.??.??"]
[Round "4"]
[White "Mantovani, Renzo"]
[Black "Gruenenwald, Joerg"]
[Result "0-1"]
[WhiteElo "2340"]
[BlackElo "2325"]

1.e4 c5 2.Nf3 d6 3.d4 cxd4 4.Nxd4 Nf6 5.Nc3 a6 6.g3 e5 7.Nde2 Be7 8.Bg2 O-O
9.O-O Be6 10.h3 b5 11.g4 Nbd7 12.Ng3 Nb6 13.Nf5 b4 14.Nxe7+ Qxe7 15.Nd5 Nfxd5
16.exd5 Bd7 17.a3 f5 18.axb4 fxg4 19.hxg4 Qh4 20.f3 e4 21.f4 Bxg4 22.Qd4 Nd7
23.Ra3 Nf6 24.Bd2 Rae8 25.Be1 Qh5 26.Rg3 Qf5 27.Bc3 Rf7 28.Rf2 h5 29.Re3 Rfe7
30.Rd2 Qxf4 31.Rf2 Qg5 32.Rxf6 gxf6 33.Kf2 Qf4+ 34.Ke1 Re5 35.Bf1 Rf5 36.Be2 Bxe2
37.Rxe2 Qf1+  0-1

[Event "Wisla BES op"]
[Site "Wisla"]
[Date "1992.??.??"]
[Round "5"]
[White "Kholmov, Ratmir D"]
[Black "Jakubiec, Artur"]
[Result "1/2-1/2"]
[WhiteElo "2485"]
[BlackElo "2315"]

1.e4 c5 2.Nf3 d6 3.d4 Nf6 4.Nc3 cxd4 5.Nxd4 a6 6.g3 e5 7.Nde2 Be7 8.Bg2 O-O
9.h3 b5 10.g4 b4 11.Nd5 Nxd5 12.Qxd5 Ra7 13.Be3 Be6 14.Qd2 Rd7 15.Qxb4 d5
16.Qa4 Rb7 17.c3 Rxb2 18.Bc1 Rb5 19.O-O Ra5 20.Qc2 Qc7 21.exd5 Bxd5 22.Bxd5 Rxd5
23.Qe4 Rfd8 24.Rb1 Qc6 25.Be3 Rd3 26.Qxe5 Bf6 27.Qg3 Nd7 28.Rfd1 Qd5 29.Rxd3 Qxd3
30.Re1 Re8 31.Bd4 Qd2 32.Kf1 Bxd4 33.cxd4 Qxa2 34.Qf3 Nf6 35.Qc6 Re6 36.Qc8+ Re8
37.Qc6 Re6 38.Qc8+  1/2-1/2

[Event "Athens op"]
[Site "Athens"]
[Date "1993.??.??"]
[Round "6"]
[White "Martinovic, Slobodan"]
[Black "Kofidis, Andreas"]
[Result "0-1"]
[WhiteElo "2465"]
[BlackElo "2400"]

1.e4 c5 2.Nf3 d6 3.d4 cxd4 4.Nxd4 Nf6 5.Nc3 a6 6.g3 e6 7.Bg2 Be7 8.O-O O-O
9.a4 Nc6 10.Nb3 Na5 11.Nxa5 Qxa5 12.Bd2 Qc7 13.a5 Bd7 14.Be3 Rac8 15.f4 Bc6
16.Rf2 Nd7 17.Bd4 Rfe8 18.Re2 Nc5 19.Qe1 e5 20.Bf2 exf4 21.gxf4 Bf6 22.Bxc5 dxc5
23.e5 Bxg2 24.Rxg2 Bd8 25.Nd5 Qd7 26.c4 Rc6 27.Qe4 f6 28.Qd3 Qf7 29.Qe3 fxe5
30.fxe5 Qf5 31.Rf1 Qxe5 32.Qf3 Qd4+ 33.Kh1 Bf6 34.h3 Rf8 35.b3 Kh8 36.Rg4 Qd2
37.Re4 h6 38.Nf4 Rd8 39.Ng6+ Kh7 40.Rg1 Qd7 41.Reg4 Rd6 42.Nf4 Rd1 43.Qe4+ Kh8
44.Kh2 Rxg1 45.Rxg1 Re8 46.Ng6+ Kg8 47.Qf3 Qd6+ 48.Rg3 Bd4 49.Kg2 Re3 50.Qd5+ Qxd5+
51.cxd5 Rxg3+ 52.Kxg3 Kf7 53.Nh4 Kf6 54.Kf3 Bc3 55.Kf4 Bxa5 56.Ke4 Bc7  0-1

[Event "AUT-chT"]
[Site "?"]
[Date "1993.??.??"]
[Round "?"]
[White "Schumi, Manfred"]
[Black "Danner, Georg"]
[Result "0-1"]
[WhiteElo "2270"]
[BlackElo "2385"]

1.e4 c5 2.Nf3 d6 3.d4 cxd4 4.Nxd4 Nf6 5.Nc3 a6 6.g3 e5 7.Nb3 Be7 8.Bg2 O-O
9.a4 Be6 10.O-O Nbd7 11.a5 Qc7 12.Re1 Rfc8 13.h3 b5 14.axb6 Nxb6 15.Na5 Nc4
16.Nxc4 Qxc4 17.Bg5 Qb4 18.Rb1 Rab8 19.Bxf6 Bxf6 20.Nd5 Bxd5 21.exd5 a5 22.Re4 Qc5
23.c3 Bd8 24.Re2 Rb7 25.Qa4 g6 26.Ra1 Kg7 27.g4 Qb5 28.Qxb5 Rxb5 29.Be4 Bh4
30.b4 axb4 31.cxb4 Rxb4 32.Ra7 Rcc4 33.f3 Rc1+ 34.Kg2 Rd4  0-1

[Event "GER-ch"]
[Site "Bad Wildbad"]
[Date "1993.??.??"]
[Round "6"]
[White "Schmidt Schaeffer, Sebastian"]
[Black "Nagendra, Rentala"]
[Result "0-1"]
[WhiteElo "2275"]
[BlackElo "2315"]

1.e4 c5 2.Nf3 d6 3.d4 cxd4 4.Nxd4 Nf6 5.Nc3 a6 6.g3 b5 7.Bg2 Bb7 8.O-O e6
9.Re1 Qc7 10.a4 bxa4 11.Nd5 exd5 12.exd5+ Kd8 13.Bg5 Nd7 14.Qe2 Qc5 15.Rxa4 Bxd5
16.Be3 Bxg2 17.Ne6+ fxe6 18.Bxc5 Nxc5 19.Rd4 Bb7 20.b4 Nce4 21.Qe3 Ng4 22.Qb3 Ngxf2
23.Qxe6 Be7 24.c4 Rf8 25.Rdxe4 Nxe4 26.c5 Rf6 27.Qg8+ Kd7 28.Qxg7 dxc5 29.bxc5 Raf8
30.Rb1 Bc6 31.h4 R8f7 32.Qg4+  0-1

[Event "Bojnice"]
[Site "Bojnice"]
[Date "1993.??.??"]
[Round "?"]
[White "Priehoda, Vitezslav"]
[Black "David, Pavel"]
[Result "1/2-1/2"]
[WhiteElo "2440"]
[BlackElo "2415"]

1.e4 c5 2.Nf3 d6 3.d4 Nf6 4.Nc3 cxd4 5.Nxd4 a6 6.g3 e5 7.Nb3 Nbd7 8.Bg2 b6
9.O-O Bb7 10.Be3 Be7 11.a4 Rc8 12.Nd2  1/2-1/2

[Event "Wch U18 Girls"]
[Site "Bratislava"]
[Date "1993.??.??"]
[Round "9"]
[White "Mudrochova, Helena"]
[Black "Mora, Virginie"]
[Result "0-1"]
[WhiteElo "2190"]
[BlackElo "2160"]

1.e4 c5 2.Nf3 d6 3.d4 cxd4 4.Nxd4 Nf6 5.Nc3 a6 6.g3 g6 7.Bg2 Bg7 8.O-O O-O
9.Kh1 Bd7 10.f4 Nc6 11.Be3 Rc8 12.Qd2 b5 13.f5 Ne5 14.b3 Nfg4 15.Bf4 Nc6
16.Nce2 Qb6 17.c3 b4 18.h3 bxc3 19.Nxc3 Qxd4 20.hxg4 Qxc3 21.Qxc3 Bxc3 22.Rac1 Ne5
23.Bh6 Rfe8 24.g5 Bb5 25.Rfd1 Be2 26.Rg1 Ng4  0-1

[Event "Spring op"]
[Site "Budapest"]
[Date "1993.??.??"]
[Round "8"]
[White "Grigorov, Jordan N"]
[Black "Danner, Georg"]
[Result "1-0"]
[WhiteElo "2380"]
[BlackElo "2385"]

1.e4 c5 2.Nf3 d6 3.d4 cxd4 4.Nxd4 Nf6 5.Nc3 a6 6.g3 e5 7.Nde2 Be7 8.Bg2 O-O
9.O-O Be6 10.h3 b5 11.Be3 Nbd7 12.a4 b4 13.Nd5 Nxd5 14.exd5 Bf5 15.Qd2 Qa5
16.f4 f6 17.g4 Bg6 18.f5 Bf7 19.Nc1 Nc5 20.Nb3 Nxb3 21.cxb3 Bd8 22.Rac1 Bb6
23.Bxb6 Qxb6+ 24.Kh2 Be8 25.Qf2 Qd8 26.Rc4 a5 27.Rfc1 Rf7 28.Qc2 Rfa7 29.Rc7 Kf8
30.Be4 Bd7 31.Rc4 Qb6 32.Qe2 Kf7 33.h4 Qd8 34.Qe3 Rb7 35.Kg3 Ke7 36.Kf3 Qb6
37.Qd2 Rf8 38.Ke2 Rbb8 39.g5 Rbc8 40.gxf6+ gxf6 41.Qh6 Rxc4 42.Rxc4 Qg1 43.Qxh7+ Rf7
44.Qg6 Rg7 45.Qxg1 Rxg1 46.Bc2 Kd8 47.Kf2 Rc1 48.Ke3 Be8 49.Kd2 Rg1 50.Be4 Rf1
51.Bc2 Rf2+ 52.Ke3 Rh2 53.Bd1 Bf7 54.Rc6 Kd7 55.Ra6 Bxd5 56.Rxa5 Rh3+ 57.Kf2 Be4
58.Ra7+ Kc6 59.h5 Bxf5 60.Rf7 Be4 61.Rxf6 Kc5 62.a5 Rh1 63.Bg4 Ra1 64.Ke3 d5
65.a6  1-0

[Event "Cannes op"]
[Site "Cannes"]
[Date "1993.??.??"]
[Round "8"]
[White "Pakkanen, Jukka"]
[Black "Leroy, Adrien"]
[Result "1-0"]
[WhiteElo "2325"]
[BlackElo "2075"]

1.e4 c5 2.Nf3 d6 3.d4 cxd4 4.Nxd4 Nf6 5.Nc3 a6 6.g3 e6 7.Bg2 Qc7 8.O-O Be7
9.a4 Nc6 10.Nce2 O-O 11.c4 Bd7 12.b3 Rfe8 13.Bb2 Rad8 14.Rc1 Qb8 15.h3 Nxd4
16.Qxd4 b5 17.cxb5 axb5 18.a5 b4 19.Qe3 Qb5 20.Bd4 e5 21.Bb6 Ra8 22.Rfd1 Be6
23.f4 Nd7 24.f5 Nxb6 25.axb6 Bxb3 26.Qxb3 Qxe2 27.Bf1 Ra3 28.Bxe2 Rxb3 29.b7 Rc3
30.Rxc3 bxc3 31.Rc1 Rb8 32.Ba6 Bd8 33.Rxc3 Bb6+ 34.Kg2 Bc5 35.Rb3 Kf8 36.Bc4 Ke7
37.Kf3 h5 38.Bd5 g5 39.Rb2 f6 40.Be6 Ke8 41.g4 h4 42.Ke2 Kd8 43.Kd3 Kc7 44.Bc8 d5
45.exd5 Kd6 46.Kc4 e4 47.Ra2  1-0

[Event "JUG-chT"]
[Site "Cetinje"]
[Date "1993.??.??"]
[Round "?"]
[White "Popovic, Petar"]
[Black "Djukic, Zeljko"]
[Result "1-0"]
[WhiteElo "2520"]
[BlackElo "2370"]

1.e4 c5 2.Nf3 d6 3.d4 cxd4 4.Nxd4 Nf6 5.Nc3 a6 6.g3 e5 7.Nb3 Bg4 8.Be2 Be6
9.f4 exf4 10.Bxf4 Nc6 11.Qd2 Be7 12.O-O-O Ne5 13.h3 b5 14.g4 O-O 15.g5 Nfd7
16.Nd5 Bxd5 17.exd5 Re8 18.Nd4 Qb6 19.Kb1 Bf8 20.Rhf1 g6 21.Bg4 Nc5 22.Bxe5 Rxe5
23.Nc6 Ree8 24.Rf3 Bg7 25.Rdf1 Ne4 26.Qc1 Rf8 27.Qf4 Rae8 28.Bd7 f5 29.Bxe8 Rxe8
30.Rd3 b4 31.Ka1 a5 32.Qe3 Qb5 33.Qa7 a4 34.Qd7 Kf8 35.Rdf3 Qxd5 36.Rxf5+ gxf5
37.Rxf5+ Qxf5 38.Qxf5+ Kg8 39.Qd7 Kf8 40.Nd8 Re7 41.Qf5+ Kg8 42.Qd5+ Kh8
43.Ne6 Rf7 44.a3 bxa3 45.Ka2  1-0

[Event "JUG-chT"]
[Site "Cetinje"]
[Date "1993.??.??"]
[Round "?"]
[White "Marinkovic, Slavisa"]
[Black "Micic, Cedomir"]
[Result "1-0"]
[WhiteElo "2375"]
[BlackElo "2315"]

1.e4 c5 2.Nf3 d6 3.d4 cxd4 4.Nxd4 Nf6 5.Nc3 a6 6.g3 e5 7.Nb3 Be7 8.Bg2 O-O
9.O-O Nbd7 10.a4 b6 11.Nd2 Bb7 12.Re1 Rc8 13.Nf1 Nc5 14.Bg5 Ne6 15.Bxf6 Bxf6
16.Ne3 g6 17.Ncd5 Bg5 18.c3 Kh8 19.Qb3 Rc6 20.Rad1 Nc5 21.Qc2 b5 22.axb5 axb5
23.Qe2 Qe8 24.b4 Ne6 25.Qxb5 Ba6 26.Qa4 Bb7 27.Qb3 f5 28.Nc4 Qb8 29.Na5 Ra6
30.Nxb7 Qxb7 31.exf5 Qa7 32.Ne3 Ng7 33.b5 Bxe3 34.Rxe3 Ra1 35.Ree1 Rxd1 36.Rxd1 Qb6
37.Qd5 Nxf5 38.Qc6 Qa5 39.b6 Qa2 40.b7 Qb2 41.Qf3 Kg7 42.Qd3 Qb6 43.Rb1 Qc7
44.Ra1 Ne7 45.Ra8 Qb6 46.Bf3 Rd8 47.Rxd8 Qxd8 48.Qa6  1-0

[Event "Arab-ch8 Doha"]
[Site "Doha"]
[Date "1993.??.??"]
[Round "2"]
[White "Al Modiahki, Mohamad"]
[Black "Bennis, Zakaria"]
[Result "1-0"]
[WhiteElo "2380"]
[BlackElo "2310"]

1.e4 c5 2.Nf3 d6 3.d4 cxd4 4.Nxd4 Nf6 5.Nc3 a6 6.g3 e5 7.Nde2 Be7 8.Bg2 Be6
9.O-O Nbd7 10.h3 Rc8 11.g4 Bc4 12.b3 Be6 13.Nd5 Bxd5 14.exd5 O-O 15.Ng3 Ne8
16.c4 Bg5 17.Be3 g6 18.Qd2 Be7 19.Rac1 f5 20.gxf5 gxf5 21.f4 e4 22.Kh1 Ng7
23.b4 Rf6 24.Ne2 Rh6 25.Nd4 Nf6 26.Rg1 Qd7 27.Bf1 Kh8 28.Qb2 Rg8 29.Nb3 Ng4
30.Bd4 Bf6 31.Rc2 Bxd4 32.Nxd4 e3 33.Ne6 Nf2+ 34.Kh2 Qe7 35.Rg5 Ng4+ 36.Kg1 Nf6
37.Rcg2 Rg6 38.Rxg6 hxg6 39.Ng5 Nfh5 40.Qd4 Re8 41.Be2 Qf6 42.Qxf6 Nxf6 43.Nf7+ Kh7
44.Nxd6 Re7 45.Rg3 b5 46.Nc8 Rc7 47.Nb6 Rb7 48.c5 Re7 49.d6 Re4 50.c6  1-0

[Event "Oberliga Ost B9293"]
[Site "Germany"]
[Date "1993.??.??"]
[Round "?"]
[White "Zunker, Reinhard"]
[Black "Majer, Damir"]
[Result "0-1"]
[WhiteElo "2295"]
[BlackElo "2225"]

1.e4 c5 2.Nf3 d6 3.Nc3 Nf6 4.d4 cxd4 5.Nxd4 a6 6.g3 e6 7.Bg2 Ra7 8.O-O b6
9.h3 Rc7 10.Be3 Bb7 11.g4 h6 12.f4 Nbd7 13.g5 hxg5 14.fxg5 Nh5 15.g6 Nhf6
16.gxf7+ Kxf7 17.Nf3 Qe8 18.Ng5+ Kg8 19.Ne2 Nc5 20.Ng3 Qg6 21.Qf3 Rh4 22.Bxc5 Qxg5
23.Bd4 Rxc2 24.Rae1 Be7 25.Rf2 Rxf2 26.Bxf2 b5 27.Qb3 Kf7 28.e5 Bxg2 29.exf6 Bd5  0-1

[Event "Oberliga Ost B9293"]
[Site "Germany"]
[Date "1993.??.??"]
[Round "?"]
[White "Zunker, Reinhard"]
[Black "Balzar, Andreas"]
[Result "1/2-1/2"]
[WhiteElo "2295"]
[BlackElo "2330"]

1.e4 c5 2.Nf3 d6 3.d4 cxd4 4.Nxd4 Nf6 5.Nc3 a6 6.g3 e5 7.Nde2 b5 8.Bg2 Bb7
9.Bg5 Nbd7 10.Nd5 Bxd5 11.exd5 Be7 12.O-O O-O 13.h3 Rc8 14.Be3 Qc7 15.c3 Nb6
16.Qd3 Rfe8 17.b3 Bf8 18.Bxb6 Qxb6 19.Rfd1 Nd7 20.b4 g6 21.a4 Bh6 22.axb5 axb5
23.Ra5 Rc4 24.Rda1 e4 25.Qd1 Bg7 26.Ra8 Rxa8 27.Rxa8+ Nf8 28.Qd2 f5 29.Bf1 Qb7
30.Ra5 Rc7 31.Nd4 Qxd5 32.Rxb5 Qf7 33.Ra5 Be5 34.Nb5 Rd7 35.c4 Kg7 36.Nc3 Ne6
37.Ne2 h6 38.Qd5 Qe7 39.c5 Nc7 40.Qc6 dxc5 41.Qxc5 Qxc5 42.Rxc5 Rd5 43.Rxd5 Nxd5
44.b5 Kf6 45.Nc1 Bd4 46.Kg2 g5 47.Nb3 Bb6 48.Nd2 e3 49.fxe3 Nxe3+ 50.Kf3 h5
51.Bd3 g4+ 52.hxg4 hxg4+ 53.Ke2 Ke5 54.Nc4+ Nxc4 55.Bxc4 f4 56.gxf4+ Kxf4  1/2-1/2

[Event "BL2-W9293"]
[Site "Germany"]
[Date "1993.??.??"]
[Round "?"]
[White "Holzke, Frank"]
[Black "King, Daniel J"]
[Result "1/2-1/2"]
[WhiteElo "2380"]
[BlackElo "2500"]

1.e4 c5 2.Nf3 d6 3.d4 cxd4 4.Nxd4 Nf6 5.Nc3 a6 6.g3 e5 7.Nb3 Be7 8.Bg2 O-O
9.a4 Be6 10.O-O Nbd7 11.a5 Qc7 12.Re1 Rfc8 13.h3 b5 14.axb6 Nxb6 15.Na5 Nc4
16.Nxc4 Bxc4 17.Bd2 Qd7 18.b3 Be6 19.Kh2 h5 20.Qe2 Rc6 21.Qd3 Qc7 22.Ra2 Rc8
23.Nd5 Bxd5 24.exd5 Rxc2 25.Rxa6 h4 26.gxh4 Qb8 27.Kg1 Rb2 28.Rc6 Re8 29.b4 Nh5
30.Rc4 Bf8 31.Ra1 Nf4 32.Rxf4 exf4 33.Qc3 Rxd2 34.Qxd2 Be7 35.Qxf4 Bf6 36.Rc1 Be5
37.Qc4 Qb6 38.Qc6 Qd8 39.Rc4 Rf8 40.b5 Qf6 41.b6 Bd4 42.Rc2 g6 43.Ra2 Kg7
44.b7 Rb8 45.Re2 Qxh4 46.Qc8 Ba7 47.Qc3+ Bd4 48.Qc7 Ba7 49.Qc3+ Bd4 50.Qc7 Ba7
51.Qc3+  1/2-1/2